Medical-surgical nursing : (Record no. 18427)
[ view plain ]
| 000 -LEADER | |
|---|---|
| fixed length control field | 01288cam a2200349 a 4500 |
| 001 - CONTROL NUMBER | |
| control field | 17878931 |
| 005 - DATE AND TIME OF LATEST TRANSACTION | |
| control field | 20170418110928.0 |
| 008 - FIXED-LENGTH DATA ELEMENTS--GENERAL INFORMATION | |
| fixed length control field | 130905t2014 moua frbd 001 0 eng d |
| 020 ## - INTERNATIONAL STANDARD BOOK NUMBER | |
| International Standard Book Number | 9780323086783 (single volume, hardcover : alk. paper) |
| 020 ## - INTERNATIONAL STANDARD BOOK NUMBER | |
| International Standard Book Number | 9780323100892 (two volume set, pbk. : alk. paper) |
| 020 ## - INTERNATIONAL STANDARD BOOK NUMBER | |
| International Standard Book Number | 9996088820 (v.1) |
| 020 ## - INTERNATIONAL STANDARD BOOK NUMBER | |
| International Standard Book Number | 9996088944 (v.2) |
| 040 ## - CATALOGING SOURCE | |
| Original cataloging agency | DNLM/DLC |
| Language of cataloging | eng |
| Transcribing agency | DLC |
| Modifying agency | EG-ScBUE |
| 082 04 - DEWEY DECIMAL CLASSIFICATION NUMBER | |
| Classification number | 617.0231 |
| Item number | MED |
| Edition number | 22 |
| 245 00 - TITLE STATEMENT | |
| Title | Medical-surgical nursing : |
| Remainder of title | assessment and management of clinical problems / |
| Statement of responsibility, etc | Sharon L. Lewis ... [et al.] ; special editor Mariann M. Harding. |
| 250 ## - EDITION STATEMENT | |
| Edition statement | 9th ed. |
| 260 ## - PUBLICATION, DISTRIBUTION, ETC. (IMPRINT) | |
| Place of publication, distribution, etc | Missouri : |
| Name of publisher, distributor, etc | Mosby / Elsevier , |
| Date of publication, distribution, etc | c.2014. |
| 300 ## - PHYSICAL DESCRIPTION | |
| Extent | 2 v. : |
| Dimensions | ill. (col.) ; |
| Other physical details | 28 cm. |
| 500 ## - GENERAL NOTE | |
| General note | Includes appendixes. |
| 500 ## - GENERAL NOTE | |
| General note | Includes glossary. |
| 500 ## - GENERAL NOTE | |
| General note | Includes index. |
| 504 ## - BIBLIOGRAPHY, ETC. NOTE | |
| Bibliography, etc | Includes bibliographical references. |
| 650 #0 - SUBJECT ADDED ENTRY--TOPICAL TERM | |
| Topical term or geographic name as entry element | Nursing assessment. |
| 9 (RLIN) | 20388 |
| Source of heading or term | BUEsh |
| 650 20 - SUBJECT ADDED ENTRY--TOPICAL TERM | |
| Topical term or geographic name as entry element | Operating room nursing |
| 9 (RLIN) | 21345 |
| Source of heading or term | BUEsh |
| 650 #0 - SUBJECT ADDED ENTRY--TOPICAL TERM | |
| Topical term or geographic name as entry element | Surgical nursing. |
| 9 (RLIN) | 36117 |
| Source of heading or term | BUEsh |
| 653 ## - INDEX TERM--UNCONTROLLED | |
| Resource For college | Nursing |
| Arrived date list | October2014 |
| -- | April2015 |
| 655 ## - INDEX TERM--GENRE/FORM | |
| Form subdivision | |
| -- | 34232 |
| 650 10 - SUBJECT ADDED ENTRY--TOPICAL TERM | |
| 9 (RLIN) | 4472 |
| Topical term or geographic name as entry element | Nursing care |
| Source of heading or term | BUEsh |
| 700 1# - ADDED ENTRY--PERSONAL NAME | |
| Personal name | Lewis, Sharon Mantik. |
| 9 (RLIN) | 20390 |
| 700 1# - ADDED ENTRY--PERSONAL NAME | |
| Personal name | Harding, Mariann, |
| Relator term | editor. |
| 9 (RLIN) | 32400 |
| 942 ## - ADDED ENTRY ELEMENTS (KOHA) | |
| Source of classification or shelving scheme | Dewey Decimal Classification |
| Call number prefix | 617.0231 MED |
| Withdrawn status | Item status | Source of classification or shelving scheme | Damaged status | Not for loan | Vendor | Home library | Current library | Shelving location | Date acquired | Source of acquisition | Cost, normal purchase price | Serial Enumeration / chronology | Total Checkouts | Total Renewals | Full call number | Barcode | Date last seen | Date last borrowed | Cost, replacement price | Koha item type | Public note | Materials specified (bound volume or other part) |
|---|---|---|---|---|---|---|---|---|---|---|---|---|---|---|---|---|---|---|---|---|---|---|
| Dewey Decimal Classification | Baccah | Central Library | Central Library | First floor | 01/10/2014 | 1007.00 | 20526 | 4 | 3 | 617.0231 MED | 000036466 | 15/07/2025 | 09/02/2015 | 1258.75 | NB - Book (Non borrowing) | VOL 1. | ||||||
| Lost | Dewey Decimal Classification | Baccah | Central Library | Central Library | First floor | 01/10/2014 | 1007.00 | 20526 | 617.0231 MED | 000036467 | 01/10/2014 | 1258.75 | Book - Borrowing | VOL 1. | Lost In Inventory_2005-2015/8/22 | |||||||
| Dewey Decimal Classification | Baccah | Central Library | Central Library | First floor | 01/10/2014 | 1007.00 | 20526 | 8 | 43 | 617.0231 MED | 000036468 | 15/07/2025 | 09/02/2020 | 1258.75 | Book - Borrowing | VOL 2. | ||||||
| Dewey Decimal Classification | Baccah | Central Library | Central Library | First floor | 01/10/2014 | 1007.00 | 20526 | 5 | 3 | 617.0231 MED | 000036469 | 15/07/2025 | 19/02/2015 | 1258.75 | NB - Book (Non borrowing) | VOL 2. | ||||||
| Dewey Decimal Classification | ايمك | Central Library | Central Library | First floor | 21/04/2015 | 1152.00 | 2446 | 4 | 25 | 617.0231 MED | 000038044 | 15/07/2025 | 08/03/2018 | 1440.00 | Book - Borrowing | 2 VOL. in one book | ||||||
| Dewey Decimal Classification | ايمك | Central Library | Central Library | First floor | 22/04/2015 | 1152.00 | 2446 | 3 | 24 | 617.0231 MED | 000038051 | 15/07/2025 | 07/02/2018 | 1440.00 | Book - Borrowing | 2 VOL. in one book. | ||||||
| Dewey Decimal Classification | Baccah | Central Library | Central Library | First floor | 24/05/2015 | 940.00 | 22353 | 5 | 3 | 617.0231 MED | 000038300 | 15/07/2025 | 07/03/2019 | 1175.00 | Book - Borrowing | 2 VOL. in one book |